000
00244nam a22000977a 4500
082
_a
428.24HUT
100
_a
Hutchinson, Tom
245
_a
Interface : english for technical communication : Casette
260
_a
London
_b
Longman
_c
1984
942
_c
BK
999
_c
14950
_d
14950